000 00983nam a2200205 a 4500
008 070626s2007 ||||||||||||||||| || u
020 _a0821368494
050 _aHD 9988.Z33 Ser
100 _aPayton, Lucy
245 1 0 _aServices trade and development : the experience of Zambia
_cEdited by Mattoo, Aaditya
260 _aWashington, D. C.
_bWorld Bank
_c2007
300 _axvii, 291p.:ill.
350 _a0.00
650 _aSERVICE INDUSTRIES--ZAMBIA--EVALUATION
650 0 _aINTERNATIONAL ECONOMIC RELATIONS--HANDBOOKS, MANUALS, E.T.C
650 _aFREE TRADE--ZAMBIA
650 _aSERVICE INDUSTRIES--GOVERNMENT POLICY--ZAMBIA
995 _aSPECIAL COLLECTIONS
_D0.00
_e0821368494
_FCBU-MAIN LIBRARY (Kitwe)
_H1
_I0.00
_jIBRD(02)2007/29
_M1
_UAVAILABLE
_WJul 17, 2009
_y0821368494
_ZInternational Publications
995 _aMAIN LIBRARY OPEN ACCESS
_D0.00
_e55527
_FCBU-MAIN LIBRARY (Kitwe)
_H1
_I0.00
_jHD 9988.Z33 Ser
_M1
_UAVAILABLE
_WJun 26, 2007
_y55527
_ZMain Library Open Access Collection
999 _c80421
_d80421